000 00387nam a2200157Ia 4500
005 20250405152913.0
008 240331s9999 xx 000 0 und d
082 _bTAM
_a894
100 _aTamilnavan, E
245 0 _aPuradchipavalarum penn viduthalaiyum
260 _aChennai
_bAmbal Pathippagam
_c1993
300 _axxxii, 320 p .,
650 _aEssays
650 _aPoems
942 _cL
999 _c3813
_d3813